Christmas Speed Typing - Statistics

General Stats
  • This quiz has been taken 1,482 times
  • The average score is 48 of 90
Answer Stats
Letter Answer % Correct
c c
100%
h h
99%
r r
98%
i i
97%
a a
96%
m m
96%
s s
96%
t t
96%
s s
95%
c c
93%
h h
93%
r r
92%
i i
91%
s s
90%
t t
88%
a a
87%
m m
87%
s s
85%
c c
84%
h h
83%
r r
82%
i i
81%
s s
81%
t t
80%
m m
79%
a a
78%
s s
78%
c c
75%
h h
75%
r r
75%
i i
74%
s s
73%
t t
72%
a a
70%
m m
70%
s s
68%
c c
67%
h h
66%
r r
65%
i i
63%
s s
63%
t t
61%
m m
58%
a a
57%
s s
54%
c c
50%
h h
49%
r r
49%
i i
48%
s s
47%
t t
45%
m m
44%
a a
43%
s s
42%
c c
40%
h h
39%
i i
38%
r r
38%
s s
36%
t t
35%
a a
33%
m m
33%
s s
31%
c c
27%
h h
27%
r r
25%
i i
23%
s s
21%
t t
21%
a a
19%
m m
19%
s s
19%
c c
17%
h h
17%
i i
15%
r r
15%
s s
15%
t t
14%
a a
13%
m m
13%
s s
13%
c c
11%
h h
11%
r r
10%
i i
9%
s s
9%
a a
8%
m m
8%
t t
8%
s s
7%
No matching quizzes found
Score Distribution
Percent of People with Each Score
Percentile by Number Answered
Your Score History
You have not taken this quiz